LEADER 01026nam0-22003731i-450- 001 990007240160403321 005 20151119112806.0 010 $a88-14-04112-1 035 $a000724016 035 $aFED01000724016 035 $a(Aleph)000724016FED01 035 $a000724016 100 $a20021021d1993----km-y0itay50------ba 101 0 $aita 200 1 $a<>nuova legge marchi$ecodice e commento alla riforma$fAdriano Vanzetti 210 $aMilano$cGiuffrè$d1993 215 $aVIII, 239 p.$d22 cm 676 $a346.07 676 $a346.45048802638 700 1$aVanzetti,$bAdriano$0132947 801 0$aIT$bUNINA$gRICA$2UNIMARC 901 $aBK 912 $a990007240160403321 952 $aDPR 20-587$b13148$fDEC 952 $aIV D 84$b25535$fFSPBC 952 $a12-B-108$b5254$fDDCP 952 $aA-V-G-61$b7731 dip.$fDDRC 952 $aA-V-G-43;61$b7731, 3624 dip.$fDDRC 959 $aDEC 959 $aDDRC 959 $aDDCP 959 $aFSPBC 996 $aNuova legge marchi$9145162 997 $aUNINA LEADER 01701nas 2200385 n 450 001 990008897310403321 005 20240229084549.0 011 $a0304-0585 035 $a000889731 035 $aFED01000889731 035 $a(Aleph)000889731FED01 035 $a000889731 091 $2CNR$aP 00059041 100 $a20090724b19701991km-y0itaa50------ba 101 0 $aita 102 $aIT 110 $aauu-------- 200 1 $aAnnali dell'Istituto Sperimentale per la Patologia Vegetale 207 1$a1970-1991 210 $aRoma$c[s.n.] 430 0$1001000892341$12001$aBollettino della Stazione di patologia vegetale 530 0 $aAnnali dell'Istituto Sperimentale per la Patologia Vegetale 675 $a581.2 676 $a632 712 02$aIstituto sperimentale per la patologia vegetale 801 0$aIT$bACNP$c20090723 859 4 $uhttp://acnp.cib.unibo.it/cgi-ser/start/it/cnr/dc-p1.tcl?catno=40344&person=false&language=ITALIANO&libr=&libr_th=unina1$zBiblioteche che possiedono il periodico 901 $aSE 912 $a990008897310403321 958 $aBiblioteca Centralizzata. Facoltà di Agraria dell'Università Federico II di Napoli$b1980-1991.$fFAGBC 959 $aFAGBC 996 $aAnnali dell'Istituto Sperimentale per la Patologia Vegetale$9801273 997 $aUNINA AP1 8 $6866-01$aNA087 Biblioteca Centralizzata. Facoltà di Agraria dell'Università Federico II di Napoli$ev. Università, 100 Palazzo Reale, 80055 Portici (NA)$m081-2539322$m081-7760229$nit AP2 40$aacnp.cib.unibo.it$nACNP Italian Union Catalogue of Serials$uhttp://acnp.cib.unibo.it/cgi-ser/start/it/cnr/df-p.tcl?catno=40344&language=ITALIANO&libr=&person=&B=1&libr_th=unina&proposto=NO